00531nam a2200217Ia 4500008004000000020001500040041000800055082001300063100002300076245006000099250000500159260003900164300001300203650001200216650001800228650001000246650001600256650001300272650000600285700002200291210210b2004 xxu||||| |||| 00| 0 eng d a0495007331 aeng a155 NEWD aNEWMAN (Barbara M) aDevelopment through life: a psychological approach Ed 9 a aAustraliabThomson Wadsworthc2004 axvii,647 athrough apsychological alife: aDevelopment aapproach aa aNEWMAN (Philip R)